Embarrassing Chapters in Pop Culture History - Statistics

General Stats
  • This quiz has been taken 1,381 times
  • The average score is 12 of 20
Answer Stats
Hint Answer % Correct
At the Academy Awards, comedian Chris Rock is slapped and cursed at by this actor who would later go on to win Best Actor minutes later. Will Smith
98%
This entrepreneur and former reality TV star would become elected President of the United States. Donald Trump
95%
At the MTV Video Music Awards, singer-songwriter Taylor Swift is interrupted during her acceptance speech by this rapper. Kanye West
95%
This soft drink company, in an attempt to gain back customers from their main rival, changed their classic formula, resulting in a nationwide backlash. Coca-Cola
91%
Paparazzi chase this beloved British royal to her death in a car accident in Paris. Princess Diana
91%
At the Super Bowl Halftime Show, Justin Timberlake exposes the breast of this R&B singer. Janet Jackson
66%
This former football player and actor is tried for the murders of his former wife and his wife's friend. O.J. Simpson
65%
The British sitcom Heil Honey, I'm Home!, which was centered around this infamous dictator and his wife living next door to Jewish neighbors. Adolf Hitler
64%
This gorilla becomes a meme after he is shot and killed at the Cincinnati Zoo when a young boy fell into the gorilla's enclosure. Harambe
61%
During a global pandemic, Gal Gadot and a bunch of other celebrities thought it would be a good idea to sing this John Lennon song to boost morale. It didn't. Imagine
58%
At the Academy Awards (sensing a pattern here), this 2016 film is accidentally announced as the Best Picture winner. La La Land
56%
Numerous high-profile individuals, usually men, get slammed with charges of sexual abuse and harassments allegations following the allegations of this former film producer. Harvey Weinstein
54%
Similar to the above, this comedian and game show host accidentally announces the wrong winner of the 2015 Miss Universe pageant. Steve Harvey
54%
Songs of Innocence, the 2014 album released by this Irish rock band, appears in every single iTunes account. U2
49%
This critically acclaimed film directed by Steven Spielberg gets an awful video game adaptation released on the Atari 2600; it would be blamed for the video game crash of 1983. E.T. the Extra-Terrestrial
40%
During an interview on The Oprah Winfrey Show, this Hollywood actor gets so excited about his new romantic partner that he awkwardly jumps on the couch. Tom Cruise
37%
This German-French R&B duo gets exposed for lip-syncing all of their songs. Milli Vanilli
32%
At the Academy Awards, this actor royally screws up the name of actress and singer Idina Menzel, calling her "Adele Dazeem" instead. John Travolta
29%
This classic Stephen King horror novel gets turned into a horribly-made Broadway musical. Carrie
27%
At the Academy Awards (yet again), this Disney princess is used without permission during the show's opening, which features her and Rob Lowe awkwardly trying to sing "Proud Mary." Snow White
22%
No matching quizzes found
Score Distribution
Percent of People with Each Score
Percentile by Number Answered
Your Score History
You have not taken this quiz